banner-ar

دليل لمقاومة الضغط\ الاجهاد\ التوتر: مرض العصر وواقع المجتماعات المتطورة / (Record no. 56040)

MARC details
000 -الفاتح
حقل البيانات ثابتة الطول 00757nam a2200229Ia 4500
008 - عناصر البيانات ثابتة الطول - معلومات عامة
حقل البيانات ثابتة الطول 140319s9999 xx 000 0 ara d
040 ## - مصدر الفهرسة
وكالة الفهرسة الأصلية GCL /
وكالة النسخ GCL
082 04 - رقم تصنيف ديوى العشرى
رقم التصنيف 157.92
رقم المادة ج د
100 1# - المدخل الرئيسى - إسم شخصى
الإسم الشخصى سمير شيخانى
245 10 - بيان العنوان
العنوان دليل لمقاومة الضغط\ الاجهاد\ التوتر: مرض العصر وواقع المجتماعات المتطورة /
بيان المسئوليه,etc سمير شيخانى
700 1# - المدخل الاضافى - اسم شخصى
الإسم الشخصى سمير شيخانى (تعريب)
700 1# - المدخل الاضافى - اسم شخصى
الإسم الشخصى جاكلين رينو
260 ## - PUBLICATION, DISTRIBUTION, ETC. (IMPRINT)
تاريخ النشر أو التوزيع 1993
300 ## - الوصف المادى
التعداد 316 ص
490 ## - بيان السلسلة
عنوان السلسلة
650 04 - المدخل الاضافى بالموضوع-مصطلح موضوعى
مصطلح موضوعي ضغط الدم
650 04 - المدخل الاضافى بالموضوع-مصطلح موضوعى
مصطلح موضوعي الجوانب النفسية
650 04 - المدخل الاضافى بالموضوع-مصطلح موضوعى
مصطلح موضوعي الاجهاد
650 04 - المدخل الاضافى بالموضوع-مصطلح موضوعى
مصطلح موضوعي التوتر
942 ## - عناصر المدخل الإضافي( كوها)
مصدر التصنيف او مخطط الترفيف Dewey Decimal Classification
Koha [default] item type كتاب
260 ## - PUBLICATION, DISTRIBUTION, ETC. (IMPRINT)
-- [S.N] :
-- دار الافاق الجديدة ،
Holdings
حالة التراجع حالة الفقد حالة تلف ليس للاعارة المكان المؤقت الموقع الحالى تاريخ الاكتساب اجمالي اﻻعارات رقم الطلب الباركود تاريخ اخر مشاهدة تاريخ تفعيل السعر نوع وعاء كوها
        مكتبة القاهرة الكبرى مكتبة القاهرة الكبرى 03/26/2014   157.92\ج د 134412 03/26/2014 03/26/2014 كتاب
        مكتبة القاهرة الكبرى مكتبة القاهرة الكبرى 03/26/2014   157.92\ج د 134413 03/26/2014 03/26/2014 كتاب

Powered By

EGPV